00350nam a2200133Ia 4500008004100000041000800041082001400049100001800063245004500081250000700126260004200133300003200175365000900207240624s9999 xx 000 0 und d aeng a332.6 TEN aTENGLER NANCY aNEW ERA VALUE INVESTING A DISCIPLINED AP a11 c2003aNew JerseybJohn Wiley and Sons axvii, : 222 : p. : cm. ; 23 cb30